000
00315nam a2200133Ia 4500
008
240624s9999 xx 000 0 und d
041
_a
eng
082
_a
004.6 HIN
100
_a
HINE CHRISTINE
245
_a
VIRTUAL ETHNOGRAPHY
260
_c
2000
_a
London
_b
Sage Publications
300
_a
192 : p.
365
_c
_b
30
999
_c
20984
_d
20984